Controles formales mínimos sobre los Estados Contables (Registro nro. 23816)
[ vista simple ]
| 000 -LEADER | |
|---|---|
| fixed length control field | 00420 a2200133 4500 |
| 001 - CONTROL NUMBER | |
| control field | ART_9696 |
| 005 - DATE AND TIME OF LATEST TRANSACTION | |
| control field | 20260410161838.0 |
| 008 - FIXED-LENGTH DATA ELEMENTS--GENERAL INFORMATION | |
| fixed length control field | 260409a |
| 100 1# - MAIN ENTRY--PERSONAL NAME | |
| Personal name | Piñeiro, Horacio |
| 245 10 - TITLE STATEMENT | |
| Title | Controles formales mínimos sobre los Estados Contables |
| 700 1# - ADDED ENTRY--PERSONAL NAME | |
| Personal name | Svidovsky, Marcelo |
| 700 1# - ADDED ENTRY--PERSONAL NAME | |
| Personal name | Brener, Ricardo J. |
| 773 0# - HOST ITEM ENTRY | |
| Title | Contabilidad y administración |
| Related parts | - Año 6, Nº 63 (set. 1982) |
| Record control number | REV5485 |
No hay ítems disponibles.